Berühmte Personen nach Lebenszeit - Statistiken

Allgemein
  • Dieses Quiz wurde 81 mal gespielt
  • Das Durchschnittsergebnis liegt bei 5 aus 25
Antwortstatistiken
Lebensspanne Person % Korrekt
20. April 1889 - 30. April 1945 Adolf Hitler
93%
29. August 1958 - 25. Juni 2009 Michael Jackson
47%
10. November 1483 - 18. Februar 1546 Martin Luther
38%
15. August 1769 - 5. Mai 1821 Napoleon Bonaparte
38%
23. September 63 v. Chr. - 19. August 14 n. Chr. Augustus
36%
12. Februar 1809 - 15. April 1865 Abraham Lincoln
29%
21. April 1926 - 8. September 2022 Elizabeth II.
24%
14. September 1983 - 23. Juli 2011 Amy Winehouse
22%
8. Januar 1935 - 16. August 1977 Elvis Presley
22%
28. August 1749 - 22. März 1832 Johann Wolfgang von Goethe
22%
29. Oktober 1897 - 1. Mai 1945 Joseph Goebbels
22%
5. Mai 1818 - 14. März 1883 Karl Marx
22%
8. Dezember 1989 - 20. April 2018 Tim Bergling
18%
5. September 1946 - 24. November 1991 Freddie Mercury
17%
18. Dezember 1913 - 8. Oktober 1992 Willy Brandt
17%
9. August 1963 - 11. Februar 2012 Whitney Houston
14%
26. Dezember 1893 - 9. September 1976 Mao Zedong
11%
19. Februar 1957 - 6. Februar 1998 Johann Hölzel
10%
3. Januar 106 v. Chr. - 7. Dezember 43 v. Chr. Marcus Tullius Cicero
8%
24. Januar 1712 - 17. August 1786 Friedrich II.
7%
27. Januar 1859 - 4. Juni 1941 Wilhelm II.
7%
20. März 1976 - 20. Juli 2017 Chester Bennington
6%
28. April 1937 - 30. Dezember 2006 Saddam Hussein
6%
13. Juli 100 v. Chr. - 15. März 44 v. Chr. Gaius Julius Caeser
4%
19. Februar 1473 - 24. Mai 1543 Nikolaus Kopernikus
4%
Keine übereinstimmenden Quizze gefunden
Verteilung der Resultate
Anzahl Personen mit jedem Resultat
Perzentil nach korrekt beantworteten Fragen
Ihre Resultats-Entwicklung
Sie haben dieses Quiz noch nicht gespielt